000 00748nam a2200253 i 4500
001 13022
003 ES-MaACL
005 20230906150454.0
007 t|
008 971117s1995 fr ||||1| fre d
020 _a2-246-46531-1
080 _a17.037
080 _a316.343.652:32
080 _a32:316.343.652
080 _a82-7.09
100 1 _aMeyer, Michel.
_980798
245 1 0 _aDe l'insolence
_b: essai sur la morale et le politique /
_cMichel Meyer.
260 _aParis :
_bBernard Grasset,
_ccop. 1995.
300 _a217 p. ;
_c21 cm.
650 1 4 _aCinismo.
_911042
650 4 _aIntelectuales-
_xActividad política.
_913849
650 1 4 _aSátira política-
_vHistoria y crítica.
_916998
852 _aES-MaACL
_jL-20402
_bR.125023
999 _c13022
_d13022